LEADER 00926nam0-22003011i-450- 001 990001846330403321 005 20021010 035 $a000184633 035 $aFED01000184633 035 $a(Aleph)000184633FED01 035 $a000184633 100 $a20021010d--------km-y0itay50------ba 101 0 $aita 200 1 $aAratura a vapore$econcorso internazionale di Torino$fA. Bottiglia. 210 $aRoma$cTipografia Eredi Botta$d1885. 215 $a114 p.$ctav.$d27 cm 300 $aEstr. da: Annali di agricoltura 1885. Ministero di Agricoltura, Industria e Commercio. Direzione Generale dell' Agricoltura. 610 0 $aMacchine agricole 676 $a631.3 700 1$aBottiglia,$bAngelo$081145 801 0$aIT$bUNINA$gRICA$2UNIMARC 901 $aBK 912 $a990001846330403321 952 $a60 MISC. B 58/17$b$fFAGBC 959 $aFAGBC 996 $aAratura a vapore$9415171 997 $aUNINA DB $aING01 LEADER 02105nam0 2200457 i 450 001 VAN0065584 005 20220131113634.872 010 $a978-35-407-8583-5 100 $a20080919d2008 |0itac50 ba 101 $aeng 102 $aDE 105 $a|||| ||||| 200 1 $aAlgebraic groups and Lie groups with few factors$fAlfonso Di Bartolo ... [et al.] 210 $aBerlin$cSpringer$d2008 215 $aXVI, 206 p.$d24 cm 300 $aPubblicazione disponibile anche in formato elettronico 461 1$1001VAN0102250$12001 $aLecture notes in mathematics$1210 $aBerlin [etc.]$cSpringer$v1944 500 1$3VAN0234585$aAlgebraic groups and Lie groups with few factors$9774423 606 $a20E15$xChains and lattices of subgroups, subnormal subgroups [MSC 2020]$3VANC020810$2MF 606 $a17B30$xSolvable, nilpotent (super)algebras [MSC 2020]$3VANC022505$2MF 606 $a22E25$xNilpotent and solvable Lie groups [MSC 2020]$3VANC023560$2MF 606 $a14L10$xGroup varieties [MSC 2020]$3VANC024079$2MF 606 $a20G10$xCohomology theory for linear algebraic groups [MSC 2020]$3VANC024248$2MF 610 $aAlgebraic groups$9KW:K 610 $aCommutative algebra$9KW:K 610 $aDimension$9KW:K 610 $aLattice of subgroups$9KW:K 610 $aMaximal nilpotency class$9KW:K 610 $aPermutable subgroups$9KW:K 610 $aSemi-commutative algebraic and Lie groups$9KW:K 610 $aUnipotent groups$9KW:K 620 $dBerlin$3VANL000066 702 1$aDi Bartolo$bAlfonso$3VANV052152 712 $aSpringer $3VANV108073$4650 801 $aIT$bSOL$c20240614$gRICA 856 4 $uhttps://doi.org/10.1007/978-3-540-78584-2$zhttps://doi.org/10.1007/978-3-540-78584-2 899 $aBIBLIOTECA DEL DIPARTIMENTO DI MATEMATICA E FISICA$1IT-CE0120$2VAN08 912 $aVAN0065584 950 $aBIBLIOTECA DEL DIPARTIMENTO DI MATEMATICA E FISICA$d08PREST 22-XX 1126 $e08 8197 I 20081201 996 $aAlgebraic Groups and Lie Groups with Few Factors$9774423 997 $aUNICAMPANIA